|
|
|
|
| LEADER |
00000nam a2200000 a 4500 |
| 001 |
vtls001262464 |
| 003 |
SK-MaSNL |
| 005 |
20260301234525.0 |
| 008 |
240315s1984 xr 0 cze |
| 035 |
|
|
|a SNK000213357
|
| 040 |
|
|
|a SNK
|b slo
|c SNK
|e AACR2
|
| 041 |
0 |
|
|a cze
|
| 044 |
|
|
|a CZ
|
| 100 |
1 |
|
|a Bělohlávek, Jan,
|d 1935-
|4 aut
|9 102578
|
| 245 |
0 |
|
|a Program zájmového útvaru plavání pro žáky středných škol
|c Jan Bělohlávek
|
| 260 |
|
|
|a Praha
|b Státní pedagogické nakladatelství
|c 1984
|
| 300 |
|
|
|a 68, [1] s.
|c 8°
|
| 490 |
0 |
|
|a Programy
|
| 958 |
|
|
|a RK
|
| 958 |
|
|
|a OND
|
| 999 |
|
|
|c 970404
|d 972334
|
| 952 |
|
|
|t P60, <04>, [BOOK], {604}
|a SNK
|b SNK
|y VYP
|7 0
|p 17A0330050
|o snkID 82244
|i snkKIP 3549/85
|0 0
|1 0
|4 0
|d 1996-10-03
|l 0
|r 2005-01-01 00:00:00
|w 2026-02-24
|
| 952 |
|
|
|t P60, <04>, [BOOK], {604}
|a SNK
|b SNK
|y VYP
|7 0
|o snkID 82244 D1
|i snkKIP 3550/85
|0 0
|1 0
|4 0
|d 1996-10-03
|l 0
|r 2005-01-01 00:00:00
|w 2026-02-24
|